Das Konzept der "brisanten Wörter" in der Politolinguistik

Gespeichert in:
Bibliographische Detailangaben
1. Verfasser: Ahlrep, Christian
Format: Buchkapitel
Sprache:Deutsch
Schlagworte:
Tags: Tag hinzufügen
Keine Tags, Fügen Sie das erste Tag hinzu!

MARC

LEADER 00000naa$a2200000$$$4500
001 0237559
005 20240502073833.9
041 0 |a ger 
044 |a SK 
245 1 0 |a Das Konzept der "brisanten Wörter" in der Politolinguistik  |c Christian Ahlrep 
610 2 0 |a politika 
610 2 0 |a jazykoveda 
610 2 0 |a komunikácia 
100 1 |a Ahlrep, Christian